Lačho diva! Dobrý deň!

Bibliographic Details
Main Author: Hlavienka, Ján, 1934-2013 (Author)
Format: Article
Language:Slovak
PhysicalDescription:Fotogr.
ISSN:0862-8823
Subjects:

MARC

LEADER 00000nab a2200000 a 4500
001 vtls000670047
003 SK-MaSNL
005 20260304230949.0
008 180206c xo 0 slo
015 |a SNBRB1998/10-28164 
035 |a CLN000022225 
040 |a SNKBUCL  |b slo  |c SNKBUCL  |e AACR2 
041 0 |a slo 
044 |a xo  |c SK 
080 |a 397(437.6)  |2 UDC-MRF-SK2 
080 |a 325.15(437.6)  |2 UDC-MRF-SK2 
080 |a 943.76(=914.99)  |2 UDC-MRF-SK2 
100 1 |a Hlavienka, Ján,  |d 1934-2013  |4 aut  |9 122678 
245 1 0 |a Lačho diva! Dobrý deň!  |c Ján Hlavienka 
300 |b Fotogr. 
650 0 7 |a Rómovia  |z Slovensko  |x dejiny  |2 snkbucl  |9 904295 
650 0 7 |a menšiny národnostné  |z Slovensko  |2 snkbucl  |9 846758 
655 7 |a články z novín a časopisov  |2 snkbucl  |9 267496 
773 0 |x 0862-8823  |t Slovenské národné noviny  |g Roč. 9 (13), č. 41 (1998), s. 6-7 
850 |a Slovenská národná knižnica v Martine 
852 |a SNK  |b KIS3GCP 
958 |a RBX 
999 |c 3186321  |d 3188251